5HLuxD.jpg

KING HENRY VIII SENIOR AND PRIMARY SCHOOL LIBRARY OPAC

New mathematics counts : (Record no. 4244)

000 -LEADER
fixed length control field 01044cam a2200313 i 4500
001 - CONTROL NUMBER
control field 620409
003 - CONTROL NUMBER IDENTIFIER
control field OSt
005 - DATE AND TIME OF LATEST TRANSACTION
control field 20250203140248.0
008 - FIXED-LENGTH DATA ELEMENTS--GENERAL INFORMATION
fixed length control field 201123m20072014si a 000 0 eng d
020 ## - INTERNATIONAL STANDARD BOOK NUMBER
International Standard Book Number 9789810112295
Qualifying information (v.3 ;
-- pbk.) :
040 ## - CATALOGING SOURCE
Original cataloging agency NCUE
Description conventions rda
Transcribing agency KH8
042 ## - AUTHENTICATION CODE
Authentication code nbic
082 0# - DEWEY DECIMAL CLASSIFICATION NUMBER
Classification number 510.76 HON
100 1# - MAIN ENTRY--PERSONAL NAME
Personal name Tay, Choon Hong,
Relator term author.
245 10 - TITLE STATEMENT
Title New mathematics counts :
Remainder of title secondary normal (academic) /
Statement of responsibility, etc. Tay Choon Hong, Mark Riddington, Martin Grier.
250 ## - EDITION STATEMENT
Edition statement 2nd edition.
264 #1 - PRODUCTION, PUBLICATION, DISTRIBUTION, MANUFACTURE, AND COPYRIGHT NOTICE
Place of production, publication, distribution, manufacture Singapore :
Name of producer, publisher, distributor, manufacturer Marshall Cavendish Education,
Date of production, publication, distribution, manufacture, or copyright notice [2007-2014]
264 #4 - PRODUCTION, PUBLICATION, DISTRIBUTION, MANUFACTURE, AND COPYRIGHT NOTICE
Date of production, publication, distribution, manufacture, or copyright notice ©2007-©2014.
300 ## - PHYSICAL DESCRIPTION
Extent 5 volumes :
Other physical details color illustrations ;
Dimensions 26 cm.
336 ## - CONTENT TYPE
Content type term text
Content type code txt
Source rdacontent.
337 ## - MEDIA TYPE
Media type term unmediated
Media type code n
Source rdamedia.
338 ## - CARRIER TYPE
Carrier type term volume
Carrier type code nc
Source rdacarrier.
500 ## - GENERAL NOTE
General note "Adapted from Blackwell Maths" -- t.p. verso.
500 ## - GENERAL NOTE
General note Vol. 5 by Tay Choon Hong.
650 #0 - SUBJECT ADDED ENTRY--TOPICAL TERM
Topical term or geographic name entry element Mathematics
Geographic subdivision Singapore
General subdivision Textbooks (Secondary)
700 1# - ADDED ENTRY--PERSONAL NAME
Personal name Grier, Martin,
Relator term author.
700 1# - ADDED ENTRY--PERSONAL NAME
Personal name Riddington, Mark,
Relator term author.
942 ## - ADDED ENTRY ELEMENTS (KOHA)
Source of classification or shelving scheme
Koha item type Books - Non Ficton
Holdings
Withdrawn status Lost status Source of classification or shelving scheme Damaged status Not for loan Collection code Permanent Location Current Location Shelving location Date acquired Full call number Barcode Date last seen Price effective from Koha item type
          Non-Fiction KH8 Senior School Library KH8 Senior School Library Non Fiction 2025-02-03 510.76 HON 3KHSL000102159 2025-02-03 2025-02-03 Books - Non Ficton

Powered By KH8 IT Dept